[Event "Corund Ceramica op 3rd"]
[Site "Corund"]
[Date "2017.10.01"]
[Round "9"]
[White "Sandor, Tamas"]
[Black "Vilcu, Matei Stefan"]
[Result "1-0"]
[WhiteElo "1864"]
[BlackElo "1977"]
[PlyCount "111"]
[EventDate "2017.09.26"]
[EventType "swiss"]
[EventRounds "9"]
[EventCountry "ROU"]
[SourceTitle "EXT 2018"]
[Source "ChessBase"]
[SourceDate "2017.10.13"]
[SourceVersion "1"]
[SourceVersionDate "2017.10.13"]
[SourceQuality "1"]

1. e4 b6 2. d4 Bb7 3. Nc3 g6 4. f4 Bg7 5. Nf3 e6 6. Bd3 Ne7 7. Be3 d6 8. Qd2 Nd7 9. h3 h6 10. 0-0 f5 11. Bf2 Nf6 12. Rae1 Kf7 13. Qe2 Qd7 14. exf5 exf5 15. Bc4+ Ned5 16. Bh4 Rhe8 17. Qd2 Kf8 18. Bxf6 Nxf6 19. d5 Qf7 20. Re6 a6 21. a4 Rad8 22. Rfe1 Bc8 23. Nd4 Bd7 24. Rxe8+ Rxe8 25. Ne6+ Bxe6 26. dxe6 Qe7 27. Bxa6 d5 28. Kh1 Rd8 29. Qf2 d4 30. Nb5 Ne4 31. Qf3 c6 32. Na3 Qxe6 33. Bd3 Re8 34. Bxe4 fxe4 35. Qg4 e3 36. Kg1 Qe4 37. Re2 d3 38. cxd3 Qxd3 39. Qf3 c5 40. Nb5 Qd1+ 41. Kh2 Qxa4 42. Nc7 Re4 43. Rxe3 Rxe3 44. Qxe3 Bxb2 45. Nd5 Qd7 46. Nxb6 Qd4 47. Qf3 Bc1 48. Nd5 c4 49. g3 Bd2 50. f5 g5 51. f6 c3 52. Qf5 Be1 53. Qc8+ Kf7 54. Qd7+ Kg6 55. Qe8+ Kf5 56. g4+ 1-0

[Event "Corund Ceramica op 3rd"]
[Site "Corund"]
[Date "2017.09.30"]
[Round "7"]
[White "Samu, Sorin Mihai"]
[Black "Sandor, Tamas"]
[Result "1-0"]
[WhiteElo "2039"]
[BlackElo "1864"]
[PlyCount "69"]
[EventDate "2017.09.26"]
[EventType "swiss"]
[EventRounds "9"]
[EventCountry "ROU"]
[SourceTitle "EXT 2018"]
[Source "ChessBase"]
[SourceDate "2017.10.13"]
[SourceVersion "1"]
[SourceVersionDate "2017.10.13"]
[SourceQuality "1"]

1. c4 c5 2. Nc3 Nc6 3. Nf3 e5 4. d3 g6 5. g3 Bg7 6. Bg2 Nge7 7. h4 h6 8. Bd2 d6 9. a3 a6 10. Rb1 Rb8 11. b4 cxb4 12. axb4 b5 13. Nd5 e4 14. dxe4 bxc4 15. Qc2 Nxd5 16. exd5 Bf5 17. e4 Qe7 18. 0-0 Bxe4 19. Qxc4 Bxb1 20. Qxc6+ Qd7 21. Re1+ Kd8 22. Rxb1 Qxc6 23. dxc6 Kc7 24. Bf4 Bc3 25. Bd2 Bg7 26. Ne1 Rhe8 27. Be3 Be5 28. Bxh6 Bc3 29. Nd3 Rb5 30. Rb3 Bd4 31. Ra3 Ra8 32. Bd2 d5 33. Nf4 Kxc6 34. Nxd5 Rxd5 35. Rd3 1-0

[Event "Corund Ceramica op 3rd"]
[Site "Corund"]
[Date "2017.09.28"]
[Round "4"]
[White "Krstulovic, Alex"]
[Black "Sandor, Tamas"]
[Result "1-0"]
[WhiteElo "2261"]
[BlackElo "1864"]
[PlyCount "82"]
[EventDate "2017.09.26"]
[EventType "swiss"]
[EventRounds "9"]
[EventCountry "ROU"]
[SourceTitle "EXT 2018"]
[Source "ChessBase"]
[SourceDate "2017.10.13"]
[SourceVersion "1"]
[SourceVersionDate "2017.10.13"]
[SourceQuality "1"]

1. d4 Nf6 2. c4 g6 3. Nc3 d5 4. Nf3 Bg7 5. e3 0-0 6. cxd5 Nxd5 7. Bc4 Nxc3 8. bxc3 c5 9. 0-0 Qc7 10. Qe2 Nd7 11. Bd3 b6 12. e4 Bb7 13. Be3 Nf6 14. Nd2 Rfd8 15. f4 h5 16. h3 h4 17. Rfc1 Nh5 18. e5 Rac8 19. Nf1 Bh6 20. Qg4 Qc6 21. Be2 f5 22. exf6 Qxf6 23. Bd3 Rd6 24. Be4 Ba6 25. dxc5 bxc5 26. f5 Bxe3+ 27. Nxe3 Ng3 28. Re1 Rcd8 29. Nd5 Rxd5 30. Bxd5+ Rxd5 31. Re6 Qxf5 32. Rxg6+ Kf7 33. Qxf5+ Rxf5 34. Rxa6 Ne2+ 35. Kh2 Nxc3 36. Rxa7 Ne2 37. Re1 Re5 38. a4 c4 39. Rc7 Re4 40. a5 Ke6 41. a6 Kd5 1-0

[Event "Corund Ceramica op 3rd"]
[Site "Corund"]
[Date "2017.09.27"]
[Round "2"]
[White "Losonczi, Marcell"]
[Black "Sandor, Tamas"]
[Result "0-1"]
[WhiteElo "2091"]
[BlackElo "1864"]
[PlyCount "82"]
[EventDate "2017.09.26"]
[EventType "swiss"]
[EventRounds "9"]
[EventCountry "ROU"]
[SourceTitle "EXT 2018"]
[Source "ChessBase"]
[SourceDate "2017.10.13"]
[SourceVersion "1"]
[SourceVersionDate "2017.10.13"]
[SourceQuality "1"]

1. e4 c5 2. Nf3 e6 3. d4 cxd4 4. Nxd4 Nc6 5. Nb5 d6 6. c4 Nf6 7. N1c3 a6 8. Na3 b6 9. Be2 Bb7 10. 0-0 Ne5 11. f3 Be7 12. Be3 Qc7 13. Rc1 Rc8 14. Qe1 0-0 15. Qf2 Ned7 16. Nab1 Bd8 17. Nd2 Qb8 18. Rfd1 Bc7 19. Nf1 h6 20. b4 Rfd8 21. Rc2 Ne5 22. Na4 b5 23. cxb5 axb5 24. Nc3 d5 25. Nxb5 Neg4 26. fxg4 Bxh2+ 27. Nxh2 Rxc2 28. a4 Nxe4 29. Qe1 Ba6 30. Nf3 Rxe2 31. Qxe2 Nc3 32. Qc2 Nxd1 33. Qxd1 d4 34. Nbxd4 e5 35. b5 Bb7 36. Qb3 exd4 37. Nxd4 Qg3 38. Nc6 Bxc6 39. bxc6 Rd2 40. Bxd2 Qxb3 41. c7 Qb6+ 0-1

[Event "Arad op 10th"]
[Site "Arad"]
[Date "2017.08.06"]
[Round "1"]
[White "Sundararajan, Kidambi"]
[Black "Sandor, Tamas"]
[Result "1-0"]
[WhiteElo "2422"]
[BlackElo "1917"]
[PlyCount "65"]
[EventDate "2017.08.06"]
[EventType "swiss"]
[EventRounds "9"]
[EventCountry "ROU"]
[SourceTitle "CBM 179 Extra"]
[Source "ChessBase"]
[SourceDate "2017.08.23"]
[SourceVersion "1"]
[SourceVersionDate "2017.08.23"]
[SourceQuality "1"]

1. Nf3 c5 2. e3 Nf6 3. d4 cxd4 4. exd4 d5 5. Ne5 a6 6. Bd3 e6 7. 0-0 Be7 8. Nd2 0-0 9. c3 Re8 10. f4 Nbd7 11. Qe2 Nf8 12. Ndf3 N6d7 13. Be3 f6 14. Ng4 Bd6 15. Rae1 Qc7 16. Nh4 b6 17. Qf3 Bb7 18. Bc1 f5 19. Ne5 Nxe5 20. fxe5 Be7 21. Qh5 Rac8 22. g4 g6 23. Qh6 Bd8 24. gxf5 gxf5 25. Kh1 Bxh4 26. Qxh4 Ng6 27. Rg1 Qf7 28. Qh6 Rc7 29. h4 Kh8 30. Bg5 Qf8 31. Bf6+ Kg8 32. Rxg6+ hxg6 33. Qh8+ 1-0

[Event "Arad op 9th"]
[Site "Arad"]
[Date "2016.08.06"]
[Round "1"]
[White "Carmaciu, Lucian Catalin"]
[Black "Sandor, Tamas"]
[Result "1/2-1/2"]
[WhiteElo "2385"]
[BlackElo "2059"]
[PlyCount "30"]
[EventDate "2016.08.06"]
[EventType "swiss"]
[EventRounds "9"]
[EventCountry "ROU"]
[SourceTitle "CBM 173 Extra"]
[Source "ChessBase"]
[SourceDate "2016.08.29"]
[SourceVersion "1"]
[SourceVersionDate "2016.08.29"]
[SourceQuality "1"]

1. d4 Nf6 2. Nf3 g6 3. Bf4 d5 4. e3 c5 5. c3 Bg7 6. Bxb8 Rxb8 7. Qa4+ Bd7 8. Qxa7 c4 9. Nbd2 0-0 10. Be2 Ra8 11. Qxb7 Rb8 12. Qa7 Rxb2 13. 0-0 Qa8 14. Qxa8 Rxa8 15. Rfb1 Rbxa2 1/2-1/2

[Event "ROM-ch U16"]
[Site "Calimanesti"]
[Date "2015.03.30"]
[Round "1"]
[White "Banzea, Alexandru Bogdan"]
[Black "Sandor, Tamas"]
[Result "1-0"]
[WhiteElo "2143"]
[BlackElo "1785"]
[PlyCount "87"]
[EventDate "2015.03.30"]
[EventType "swiss"]
[EventRounds "9"]
[EventCountry "ROU"]
[SourceTitle "CBM 165 Extra"]
[Source "ChessBase"]
[SourceDate "2015.04.21"]
[SourceVersion "1"]
[SourceVersionDate "2015.04.21"]
[SourceQuality "1"]

1. e4 c5 2. Nf3 e6 3. d4 cxd4 4. Nxd4 a6 5. Bd3 Qc7 6. 0-0 Nf6 7. Qe2 d6 8. c4 g6 9. Nc3 Bg7 10. Rd1 b6 11. Nf3 Ng4 12. Bf4 Ne5 13. Nxe5 dxe5 14. Be3 Nc6 15. Rac1 Nd4 16. Qd2 0-0 17. b4 Bb7 18. c5 b5 19. Qb2 Bc6 20. Ra1 f5 21. f3 f4 22. Bf2 h5 23. a4 Rab8 24. axb5 axb5 25. Ra5 Qd7 26. Qa2 Rb7 27. Bc2 Kh7 28. Bb3 Re8 29. Ne2 g5 30. Qb2 Rd8 31. Ra6 Bf6 32. Nxd4 exd4 33. e5 Bxe5 34. Qe2 Bg7 35. Bxe6 Qe8 36. Qd3+ Kh8 37. Bf5 Re7 38. Bg6 Qd7 39. Bxh5 Re3 40. Bxe3 dxe3 41. Qxd7 Rxd7 42. Rxd7 Bxd7 43. Bg4 Bd4 44. Kf1 1-0

[Event "World Amateur-ch"]
[Site "Iasi"]
[Date "2013.04.29"]
[Round "8"]
[White "Pena Mora, Carlos"]
[Black "Sandor, Tamas"]
[Result "1/2-1/2"]
[WhiteElo "1692"]
[BlackElo "1485"]
[PlyCount "122"]
[EventDate "2013.04.22"]
[EventType "swiss"]
[EventRounds "9"]
[EventCountry "ROU"]
[SourceTitle "CBM 154 Extra"]
[Source "ChessBase"]
[SourceDate "2013.06.25"]
[SourceVersion "2"]
[SourceVersionDate "2013.06.25"]
[SourceQuality "1"]

1. Nf3 Nf6 2. c4 g6 3. Nc3 Bg7 4. g3 e6 5. e4 d6 6. Bg2 0-0 7. 0-0 Nbd7 8. d4 b6 9. e5 Ne8 10. Qe2 Rb8 11. Rd1 h6 12. h3 Bb7 13. Bf4 dxe5 14. dxe5 Qe7 15. h4 c6 16. Ne4 Nc5 17. Nd6 Nxd6 18. Rxd6 Rfd8 19. Rad1 Rxd6 20. Rxd6 Rd8 21. b4 Na6 22. a3 Rxd6 23. exd6 Qd7 24. Qd2 Kh7 25. Ne5 Bxe5 26. Bxe5 Nb8 27. c5 b5 28. Bf6 Qe8 29. h5 Nd7 30. hxg6+ fxg6 31. Be7 e5 32. Qa2 Qg8 33. Qxg8+ Kxg8 34. Bh3 Bc8 35. Be6+ Kg7 36. Kf1 g5 37. Ke2 Kg6 38. g4 a6 39. Ke3 Kg7 40. f3 Kg6 41. Bf5+ Kf7 42. Ke4 Kg7 43. Be6 Nxc5+ 44. bxc5 Bxe6 45. Kxe5 Bd7 46. f4 gxf4 47. Kxf4 Kf7 48. Bh4 Be6 49. g5 hxg5+ 50. Bxg5 a5 51. Ke5 a4 52. Bd2 Bd7 53. Bb4 Ke8 54. Kf6 Bh3 55. Kg7 Kd7 56. Kf8 Be6 57. Ba5 Bb3 58. Bc3 Bc4 59. Kg7 Bd5 60. Kf6 Bb3 61. Be1 Bd5 1/2-1/2

[Event "World Amateur-ch"]
[Site "Iasi"]
[Date "2013.04.28"]
[Round "7"]
[White "Sandor, Tamas"]
[Black "Sandhya, Goli"]
[Result "0-1"]
[WhiteElo "1485"]
[BlackElo "1769"]
[PlyCount "70"]
[EventDate "2013.04.22"]
[EventType "swiss"]
[EventRounds "9"]
[EventCountry "ROU"]
[SourceTitle "CBM 154 Extra"]
[Source "ChessBase"]
[SourceDate "2013.06.25"]
[SourceVersion "2"]
[SourceVersionDate "2013.06.25"]
[SourceQuality "1"]

1. e4 c5 2. Nf3 d6 3. d4 cxd4 4. Nxd4 Nf6 5. Nc3 a6 6. Be2 e5 7. Nb3 Be7 8. 0-0 0-0 9. Be3 Be6 10. Kh1 Nc6 11. f4 exf4 12. Bxf4 Ne5 13. Nd2 Rc8 14. Bxe5 dxe5 15. Bf3 Qb6 16. Nb3 Rfd8 17. Qc1 h6 18. Rd1 Bb4 19. Rxd8+ Rxd8 20. Nd1 Qb5 21. Nf2 Bd6 22. Qe3 Rc8 23. Be2 Qc6 24. c3 Bxb3 25. axb3 Bc5 26. Qf3 Bxf2 27. Qxf2 Qxe4 28. Bf3 Qf4 29. Qb6 e4 30. Be2 Qc7 31. Qe3 Rd8 32. Qa7 Rd2 33. Bd1 Qd7 34. Qg1 Rxb2 35. h3 Qd2 0-1

[Event "World Amateur-ch"]
[Site "Iasi"]
[Date "2013.04.23"]
[Round "2"]
[White "Sandor, Tamas"]
[Black "Okur, Kadir"]
[Result "0-1"]
[WhiteElo "1485"]
[BlackElo "1843"]
[PlyCount "62"]
[EventDate "2013.04.22"]
[EventType "swiss"]
[EventRounds "9"]
[EventCountry "ROU"]
[SourceTitle "CBM 154 Extra"]
[Source "ChessBase"]
[SourceDate "2013.06.25"]
[SourceVersion "2"]
[SourceVersionDate "2013.06.25"]
[SourceQuality "1"]

1. e4 d6 2. d4 Nf6 3. Nc3 g6 4. Bc4 Bg7 5. f3 c6 6. Nge2 b5 7. Bb3 0-0 8. a3 Nbd7 9. 0-0 Rb8 10. Be3 c5 11. dxc5 dxc5 12. Rb1 Ba6 13. Re1 e6 14. Bf4 e5 15. Be3 c4 16. Ba2 Qc7 17. Qc1 Nc5 18. b4 Ne6 19. Bf2 Rfd8 20. Rd1 Rxd1+ 21. Nxd1 Rd8 22. Ndc3 Nd4 23. Bh4 Rd7 24. Bf2 h6 25. Bg3 Nh5 26. Bf2 Qd8 27. Bxd4 exd4 28. Nd5 Bb7 29. Ndf4 d3 30. cxd3 cxd3 31. Ne6 Qb6+ 0-1

[Event "World Amateur-ch"]
[Site "Iasi"]
[Date "2013.04.22"]
[Round "1"]
[White "Sandor, Tamas"]
[Black "Arghirescu, Marius"]
[Result "0-1"]
[WhiteElo "1485"]
[BlackElo "1891"]
[PlyCount "76"]
[EventDate "2013.04.22"]
[EventType "swiss"]
[EventRounds "9"]
[EventCountry "ROU"]
[SourceTitle "CBM 154 Extra"]
[Source "ChessBase"]
[SourceDate "2013.06.25"]
[SourceVersion "2"]
[SourceVersionDate "2013.06.25"]
[SourceQuality "1"]

1. e4 e5 2. Nf3 Nc6 3. Bb5 a6 4. Ba4 Nf6 5. 0-0 Be7 6. Re1 b5 7. Bb3 0-0 8. c3 d5 9. exd5 Nxd5 10. Nxe5 Nxe5 11. Rxe5 c6 12. Bxd5 cxd5 13. d4 Bd6 14. Re1 Qh4 15. g3 Qh3 16. Qf3 Bg4 17. Qxd5 Rae8 18. Be3 Re6 19. Qg2 Qh5 20. Nd2 Rfe8 21. h4 Be2 22. Kh1 f5 23. Rg1 f4 24. Bxf4 Bxf4 25. gxf4 Qxh4+ 26. Qh2 Qd8 27. Rg3 b4 28. Rag1 R8e7 29. f5 Qd5+ 30. f3 Qxf5 31. cxb4 Qd3 32. Qg2 Rh6+ 33. Rh3 Qxd2 34. Qg4 Rxh3+ 35. Qxh3 Qxd4 36. Qc8+ Kf7 37. Qf5+ Qf6 38. Qd5+ Kf8 0-1

[Event "Eger Osz op"]
[Site "Eger"]
[Date "2009.10.25"]
[Round "7"]
[White "Sandor, Tamas"]
[Black "Pap, Andras"]
[Result "1-0"]
[WhiteElo "1947"]
[BlackElo "1757"]
[PlyCount "113"]
[EventDate "2009.10.22"]
[EventType "swiss"]
[EventRounds "7"]
[EventCountry "HUN"]
[SourceTitle "EXT 2011"]
[Source "ChessBase"]
[SourceDate "2010.11.26"]
[SourceVersion "1"]
[SourceVersionDate "2010.11.26"]
[SourceQuality "1"]

1. Nf3 d6 2. g3 Nf6 3. d4 g6 4. Bg2 Bg7 5. 0-0 0-0 6. c4 c5 7. Nc3 Nc6 8. d5 Nb4 9. a3 Na6 10. e4 Nc7 11. Qd3 Bd7 12. Re1 a6 13. Bg5 b5 14. b3 h6 15. Bd2 Re8 16. Ra2 Kh7 17. Nh4 Ng4 18. f4 Bd4+ 19. Be3 Nxe3 20. Rxe3 Bxe3+ 21. Qxe3 Rg8 22. e5 Rb8 23. Be4 bxc4 24. bxc4 Rb3 25. Bc2 Rb8 26. Ne4 Qf8 27. exd6 Ne8 28. dxe7 Qg7 29. Nxc5 Rb2 30. Rxb2 Qxb2 31. Nxd7 Qxc2 32. Ne5 f6 33. Nd7 Qxc4 34. Qe6 Rg7 35. Nf8+ Kh8 36. Nhxg6+ Rxg6 37. Nxg6+ Kg7 38. Nh4 Qc1+ 39. Kg2 Qxa3 40. d6 Qxd6 41. Qxd6 Nxd6 42. Nf5+ Kf7 43. Nxd6+ Kxe7 44. Nc4 Ke6 45. Kf3 Kf5 46. g4+ Kg6 47. Ke4 Kf7 48. Kf5 Kg7 49. h4 Kf7 50. h5 Kg7 51. Ke6 Kh7 52. Kxf6 Kh8 53. Ke7 Kg7 54. f5 Kg8 55. f6 a5 56. f7+ Kh7 57. f8Q 1-0

[Event "Eger Tavasz op"]
[Site "Eger"]
[Date "2009.06.01"]
[Round "6"]
[White "Sandor, Tamas"]
[Black "Simon, Lili"]
[Result "1/2-1/2"]
[WhiteElo "1969"]
[BlackElo "1749"]
[PlyCount "116"]
[EventDate "2009.05.29"]
[EventType "swiss"]
[EventRounds "7"]
[EventCountry "HUN"]
[SourceTitle "EXT 2011"]
[Source "ChessBase"]
[SourceDate "2010.11.26"]
[SourceVersion "1"]
[SourceVersionDate "2010.11.26"]
[SourceQuality "1"]

1. Nf3 Nf6 2. g3 c5 3. Bg2 Nc6 4. 0-0 g6 5. d4 cxd4 6. Nxd4 Bg7 7. c3 0-0 8. Nd2 Nxd4 9. cxd4 d5 10. Qb3 Qb6 11. Qxb6 axb6 12. Nf3 Bf5 13. Nh4 Be6 14. Rd1 Rfc8 15. a3 Rc2 16. Bf1 Rac8 17. Ng2 Ne4 18. Ne1 R2c7 19. Bf4 Rd7 20. Rac1 Rxc1 21. Bxc1 Rc7 22. Bf4 Rc8 23. f3 Nf6 24. Rc1 Rxc1 25. Bxc1 Nd7 26. e3 Nf6 27. Nd3 Kf8 28. Bd2 Bd7 29. Ne5 Ke8 30. Nxd7 Nxd7 31. Bb5 Kd8 32. Kf2 e5 33. Bxd7 Kxd7 34. dxe5 Bxe5 35. b3 b5 36. Ke2 Kc6 37. Kd3 Kc5 38. Bb4+ Kc6 39. Bc3 Bd6 40. b4 h5 41. Bf6 Kd7 42. Kd4 Ke6 43. Bd8 f6 44. f4 Bf8 45. Bb6 Bd6 46. Bc5 Bc7 47. Kd3 Kf5 48. h3 Ke6 49. g4 hxg4 50. hxg4 f5 51. g5 Bd8 52. Bd4 Bc7 53. Kc3 Bd8 54. Kb3 Kd6 55. a4 Kc6 56. a5 Be7 57. Bf6 Bf8 58. Kc3 Kd7 1/2-1/2

[Event "Eger Tavasz op"]
[Site "Eger"]
[Date "2009.05.30"]
[Round "2"]
[White "Papp Zoltan, Csaba"]
[Black "Sandor, Tamas"]
[Result "1-0"]
[WhiteElo "2310"]
[BlackElo "1969"]
[PlyCount "63"]
[EventDate "2009.05.29"]
[EventType "swiss"]
[EventRounds "7"]
[EventCountry "HUN"]
[SourceTitle "EXT 2011"]
[Source "ChessBase"]
[SourceDate "2010.11.26"]
[SourceVersion "1"]
[SourceVersionDate "2010.11.26"]
[SourceQuality "1"]

1. e4 c5 2. Nf3 e6 3. c4 Qc7 4. Nc3 a6 5. d4 cxd4 6. Nxd4 Nf6 7. Be2 Nc6 8. Be3 Be7 9. 0-0 h5 10. Nxc6 dxc6 11. f4 e5 12. f5 b6 13. Qe1 Bb4 14. Qg3 Kf8 15. Qh4 Be7 16. Bg5 b5 17. a3 Bb7 18. Kh1 Rd8 19. Rad1 Rd4 20. Rxd4 exd4 21. Nb1 Qe5 22. Nd2 d3 23. Bxd3 Qxb2 24. Qg3 Nd7 25. Bxe7+ Kxe7 26. Nf3 Rc8 27. e5 c5 28. e6 Nf8 29. Ne5 h4 30. Qg5+ Kd6 31. Nxf7+ Kc7 32. Be4 1-0

[Event "Eger Tel op"]
[Site "Eger"]
[Date "2009.02.01"]
[Round "7"]
[White "Sandor, Tamas"]
[Black "Sipka, Zoltan"]
[Result "1/2-1/2"]
[WhiteElo "1980"]
[BlackElo "1944"]
[PlyCount "28"]
[EventDate "2009.01.29"]
[EventType "swiss"]
[EventRounds "7"]
[EventCountry "HUN"]
[SourceTitle "EXT 2011"]
[Source "ChessBase"]
[SourceDate "2010.11.26"]
[SourceVersion "1"]
[SourceVersionDate "2010.11.26"]
[SourceQuality "1"]

1. Nf3 e6 2. g3 Nf6 3. Bg2 d5 4. d4 Be7 5. 0-0 0-0 6. c4 c6 7. cxd5 cxd5 8. Nc3 Nc6 9. Bf4 Bd6 10. Bg5 Be7 11. Bf4 Bd6 12. Bg5 Be7 13. Bf4 Bd6 14. Bxd6 Qxd6 1/2-1/2

[Event "HUN-chT2 Erkel 0809"]
[Site "Hungary"]
[Date "2008.11.02"]
[Round "2.9"]
[White "Sandor, Tamas"]
[Black "Koltanyi, Imre"]
[Result "1/2-1/2"]
[WhiteElo "1978"]
[BlackElo "2071"]
[PlyCount "53"]
[EventDate "2008.10.26"]
[EventType "tourn"]
[EventRounds "11"]
[EventCountry "HUN"]
[SourceTitle "EXT 2010"]
[Source "ChessBase"]
[SourceDate "2010.11.25"]
[SourceVersion "1"]
[SourceVersionDate "2010.11.25"]
[SourceQuality "1"]
[WhiteTeam "HMO"]
[BlackTeam "Paszto"]
[WhiteTeamCountry "HUN"]
[BlackTeamCountry "HUN"]

1. Nf3 Nf6 2. g3 g6 3. Bg2 Bg7 4. 0-0 0-0 5. d4 d5 6. c4 c6 7. cxd5 Nxd5 8. e4 Nc7 9. Nc3 Nd7 10. Be3 Re8 11. Rc1 Nb6 12. b3 Bg4 13. h3 Bc8 14. Qd2 f5 15. Bh6 fxe4 16. Nxe4 Bf6 17. Nc5 Ne6 18. Rfd1 Nd5 19. Qe2 Ng7 20. g4 Qc7 21. Ne5 Rd8 22. Ncd3 Ne6 23. Bxd5 Rxd5 24. Nf4 Nxf4 25. Bxf4 Qd8 26. Qe4 Bd7 27. Rd2 1/2-1/2

[Event "HUN-chT2 Erkel 0809"]
[Site "Hungary"]
[Date "2008.10.26"]
[Round "1.9"]
[White "Rabovszky, Gyorgy"]
[Black "Sandor, Tamas"]
[Result "1-0"]
[WhiteElo "1993"]
[BlackElo "1978"]
[PlyCount "91"]
[EventDate "2008.10.26"]
[EventType "tourn"]
[EventRounds "11"]
[EventCountry "HUN"]
[SourceTitle "EXT 2010"]
[Source "ChessBase"]
[SourceDate "2010.11.25"]
[SourceVersion "1"]
[SourceVersionDate "2010.11.25"]
[SourceQuality "1"]
[WhiteTeam "HASE II"]
[BlackTeam "HMO"]
[WhiteTeamCountry "HUN"]
[BlackTeamCountry "HUN"]

1. e4 c5 2. Nf3 e6 3. d4 cxd4 4. Nxd4 a6 5. Bd3 Nf6 6. 0-0 d6 7. Bg5 Be7 8. f4 Nbd7 9. Kh1 b5 10. Nc6 Qc7 11. Nxe7 Kxe7 12. a4 b4 13. Nd2 Bb7 14. Qe2 Kf8 15. Nf3 d5 16. e5 Ne4 17. Bh4 h6 18. Be1 a5 19. Nd4 Ndc5 20. Qg4 g6 21. Bxe4 dxe4 22. Bh4 e3 23. Bf6 Rh7 24. Rae1 Qd7 25. Nb5 Nxa4 26. Nd6 e2 27. Qxe2 Ba6 28. Nc4 Nxb2 29. Qf3 Bb7 30. Nb6 Bxf3 31. Nxd7+ Ke8 32. Nb6 Rb8 33. Rxf3 Rxb6 34. Rb3 Rc6 35. Rxb2 Kd7 36. Rd1+ Kc8 37. Ra2 Rc5 38. g3 g5 39. Rda1 gxf4 40. gxf4 h5 41. Rxa5 Rxc2 42. Rb5 Rc4 43. Bg5 h4 44. Rb1 h3 45. R5xb4 Rc2 46. Rb8+ 1-0

[Event "Eger Osz op"]
[Site "Eger"]
[Date "2008.10.24"]
[Round "5"]
[White "Varga, Mihaly"]
[Black "Sandor, Tamas"]
[Result "0-1"]
[WhiteElo "1786"]
[BlackElo "1978"]
[PlyCount "60"]
[EventDate "2008.10.22"]
[EventType "swiss"]
[EventRounds "7"]
[EventCountry "HUN"]
[SourceTitle "EXT 2011"]
[Source "ChessBase"]
[SourceDate "2010.11.26"]
[SourceVersion "1"]
[SourceVersionDate "2010.11.26"]
[SourceQuality "1"]

1. d4 Nf6 2. c4 g6 3. Nc3 Bg7 4. e4 d6 5. Bd3 0-0 6. Nge2 e5 7. d5 Nbd7 8. 0-0 Nc5 9. Bc2 a5 10. Bg5 h6 11. Bxf6 Bxf6 12. Nb5 Bg7 13. a4 f5 14. f3 f4 15. Rf2 Rf7 16. Kf1 Qh4 17. h3 h5 18. Ng1 g5 19. Ke2 Bf8 20. Kf1 g4 21. hxg4 hxg4 22. fxg4 Bxg4 23. Nf3 Qg3 24. Ra3 Rh7 25. Qd2 Rh1+ 26. Ng1 Qh2 27. Raf3 Rxg1+ 28. Ke2 Rxg2 29. Ke1 Bxf3 30. Rxg2+ Qxg2 0-1

[Event "Eger Osz op"]
[Site "Eger"]
[Date "2008.10.23"]
[Round "3"]
[White "Kis, Jozsef"]
[Black "Sandor, Tamas"]
[Result "1/2-1/2"]
[WhiteElo "2115"]
[BlackElo "1978"]
[PlyCount "29"]
[EventDate "2008.10.22"]
[EventType "swiss"]
[EventRounds "7"]
[EventCountry "HUN"]
[SourceTitle "EXT 2011"]
[Source "ChessBase"]
[SourceDate "2010.11.26"]
[SourceVersion "1"]
[SourceVersionDate "2010.11.26"]
[SourceQuality "1"]

1. e4 c5 2. Nf3 d6 3. d4 cxd4 4. Nxd4 Nf6 5. Nc3 g6 6. Be2 Bg7 7. 0-0 0-0 8. Be3 Nc6 9. Nb3 Bd7 10. f4 Rc8 11. g4 Ne8 12. Qd2 a6 13. a4 Bxc3 14. bxc3 Nf6 15. f5 1/2-1/2

[Event "Nyiregyhaza op"]
[Site "Nyiregyhaza"]
[Date "2008.07.26"]
[Round "6"]
[White "Stekkelpach, Peter"]
[Black "Sandor, Tamas"]
[Result "0-1"]
[WhiteElo "1775"]
[BlackElo "1983"]
[PlyCount "88"]
[EventDate "2008.07.23"]
[EventType "swiss"]
[EventRounds "7"]
[EventCountry "HUN"]
[SourceTitle "EXT 2009"]
[Source "ChessBase"]
[SourceDate "2008.11.26"]
[SourceVersion "1"]
[SourceVersionDate "2008.11.26"]
[SourceQuality "1"]

1. e4 c5 2. b4 cxb4 3. a3 Nc6 4. axb4 Nxb4 5. Ba3 e6 6. c3 Nc6 7. Bxf8 Kxf8 8. Nf3 d6 9. d4 Nf6 10. Nbd2 g6 11. Qa4 Kg7 12. Bb5 Bd7 13. Rb1 a6 14. Bd3 b5 15. Qa3 Qc7 16. 0-0 Rhc8 17. Rfc1 d5 18. e5 Ng8 19. Nb3 f6 20. Re1 fxe5 21. Nxe5 Nxe5 22. Rxe5 Qxc3 23. Re3 Qc6 24. Nc5 Kh8 25. Rbe1 Re8 26. Qb2 Nh6 27. Qe2 Nf5 28. Rh3 e5 29. Nxd7 Qxd7 30. dxe5 Ne7 31. Qe3 Qe6 32. Qh6 Qg8 33. Ree3 Qg7 34. Qg5 Rac8 35. Ref3 Rc6 36. Rh6 Ng8 37. Rh4 Rxe5 38. Rxh7+ Kxh7 39. Rh3+ Nh6 40. Rxh6+ Qxh6 41. Qxe5 Rc1+ 42. Bf1 Rd1 43. Qe7+ Qg7 44. Qg5 Ra1 0-1

[Event "HUN-chT2 Erkel 0708"]
[Site "Hungary"]
[Date "2008.05.18"]
[Round "11"]
[White "Toth, Mate Jozsef"]
[Black "Sandor, Tamas"]
[Result "1-0"]
[WhiteElo "2101"]
[BlackElo "2003"]
[PlyCount "65"]
[EventDate "2007.10.14"]
[EventType "team-tourn"]
[EventRounds "11"]
[EventCountry "HUN"]
[SourceTitle "EXT 2009"]
[Source "ChessBase"]
[SourceDate "2008.11.26"]
[SourceVersion "1"]
[SourceVersionDate "2008.11.26"]
[SourceQuality "1"]
[WhiteTeam "Godollo"]
[BlackTeam "HMO"]
[WhiteTeamCountry "HUN"]
[BlackTeamCountry "HUN"]

1. c4 Nf6 2. Nc3 g6 3. e4 d6 4. d4 Bg7 5. f3 0-0 6. Bg5 Nbd7 7. Nh3 c6 8. Qd2 a6 9. Be2 b5 10. cxb5 axb5 11. 0-0 b4 12. Nd1 Qb6 13. Nhf2 Ba6 14. Be3 Rfb8 15. Nd3 Bc4 16. a3 bxa3 17. Rxa3 Rxa3 18. bxa3 Qa6 19. Nb4 Qb5 20. Nc3 Bxe2 21. Nxb5 Bxf1 22. Nxd6 exd6 23. Kxf1 c5 24. Nc6 Ra8 25. Qb2 c4 26. Qb4 d5 27. Ne7+ Kh8 28. Nxd5 Nxd5 29. exd5 Bf8 30. Qxc4 Rxa3 31. Bf4 Kg7 32. Qc7 Nf6 33. Be5 1-0